| 000 | 00732nam a2200181Ia 4500 | ||
|---|---|---|---|
| 008 | 100917s9999 xx 000 0 und d | ||
| 082 | _b15188 | ||
| 100 | _aभिडे रामकृष्ण गोपाळ | ||
| 245 | _aस्वातंत्र्यदीप अर्थात जगातील असहकारिता | ||
| 260 |
_b--- _c1924 |
||
| 300 | _a144 | ||
| 365 | _b1 | ||
| 520 | _aइतिहास | ||
| 630 | _aस्वातंत्र्यदीप अर्थात जगातील असहकारिता | ||
| 650 | _aइतिहास | ||
| 730 | _aस्वातंत्र्यदीप अर्थात जगातील असहकारिता | ||
| 942 | _cBOOK | ||
| 999 |
_c620582 _d620579 |
||